Vita. Számomra úgy tűnik..
Elmentve itt :
| Szerző: | |
|---|---|
| Adatforrás: | Meister |
| Forrásdokumentuma: | A Hét. - 49 sz., 1990, 8 p. |
| Nyelv: | magyar |
| Kulcsszavak: | politikai publicisztika értelmiség dialógus magyar egyetem (romániai) BALÁZS Sándor |
| LEADER | 00475nab a2200169 i 4500 | ||
|---|---|---|---|
| 001 | bibPRO00006251 | ||
| 008 | 060524s1990 xx hun | ||
| 040 | |a Sz1 | ||
| 041 | |a hun | ||
| 100 | 1 | |a MAGYARI Nándor László | |
| 245 | 1 | 0 | |a Vita. Számomra úgy tűnik.. |c MAGYARI Nándor László |
| 695 | |a politikai publicisztika | ||
| 695 | |a értelmiség | ||
| 695 | |a dialógus | ||
| 695 | |a magyar egyetem (romániai) | ||
| 695 | |a BALÁZS Sándor | ||
| 773 | 0 | |t A Hét. - |g 49 sz., 1990, 8 p. | |